000
00324nam a2200133Ia 4500
008
240624s9999 xx 000 0 und d
041
_a
eng
082
_a
658.4092 BAR
100
_a
BARNEY MATTHEW
245
_a
LEADERSHIP INFOSYS
260
_c
2011
_a
New Delhi
_b
Penguin Books India
300
_a
248 : p.
365
_c
RS
_b
20
999
_c
17031
_d
17031